000
00250nam a22000977a 4500
008
170125b xxu||||| |||| 00| 0 eng d
041
_a
eng
080
_2
2ND
_a
618.2
245
_a
GUIDE TO CLINICAL PREVENTIVE SERVICES
_c
WILLIAM & WILKINS
942
_2
udc
_c
BK
999
_c
3584
_d
3584